| 000 | 00648nam a2200217Ia 4500 | ||
|---|---|---|---|
| 001 | 17174 | ||
| 003 | GE_BSU | ||
| 008 | 181216s||||||||xx |||||||||||||| ||und|| | ||
| 040 | _cGE_BSU | ||
| 080 | _a821.161.1 | ||
| 100 | _aპუშკინი, ა.ს. | ||
| 245 | _aრჩეული ნაწერები : 4 ტომად. ტ. 3. | ||
| 245 | _cრედ. ს. ჩიქოვანი | ||
| 260 | _aთბილისი | ||
| 260 | _bსახელგამი | ||
| 260 | _c1950 | ||
| 300 | _a194 გვ..23სმ | ||
| 653 | _aმოთხრობა | ||
| 653 | _aრჩეული ნაწერები | ||
| 942 | _cBK | ||
| 999 |
_c50236 _d50236 |
||